Cities that Start with Q by Clue - Statistics

General Stats
  • This quiz has been taken 51 times
  • The average score is 6 of 12
Answer Stats
Clue City % Correct
High altitude capital on the equator Quito
98%
French speaking city with European charm despite being in North America Quebec City
95%
Not necessarily a city, but a borough of an iconic city Queens
79%
Three letter city that is holy to Zoroastrianism Qom
71%
Part of the Manila Metro area, with a larger city proper population Quezon City
62%
Birthplace of John Adams and his son Quincy
62%
Coastal Chinese city with German influences and a futuristic skyline Qingdao
60%
Pakistani city surrounded by dry mountain ranges Quetta
36%
Breton city with a charming medieval town Quimper
21%
Former Silk Road port on China’s coast Quanzhou
14%
Kazakh city also known as Karaganda Qaragandy
12%
Egyptian city known for the Dendera Temple Qina
7%
No matching quizzes found
Score Distribution
Percent of People with Each Score
Percentile by Number Answered
Your Score History
You have not taken this quiz